Cricket: Fastest to 3000 ODI Runs - Statistics

General Stats
  • This quiz has been taken 14 times
  • The average score is 17 of 24
Answer Stats
Country Year Innings Answer % Correct
SA 2006 80 Graeme Smith
100%
AUS 2017 79 Steve Smith
100%
IND 2012 75 Virat Kohli
100%
AUS 2016 81 David Warner
92%
SA 2012 57 Hashim Amla
92%
ENG 2016 72 Joe Root
92%
NZ 2015 73 Kane Williamson
92%
WI 1984 69 Sir Viv Richards
92%
WI 1995 79 Brian Lara
83%
WI 2003 80 Chris Gayle
83%
WI 1986 72 Sir Gordon Greenidge
83%
PAK 2019 68 Babar Azam
75%
ENG 2019 76 Jason Roy
75%
ENG 2020 72 Jonny Bairstow
75%
ENG 2008 78 Kevin Pietersen
75%
WI 2019 67 Shai Hope
75%
IND 2016 72 Shikhar Dhawan
67%
SA 1997 72 Gary Kirsten
50%
ENG 1990 76 Graham Gooch
50%
SA 2017 74 Quinton de Kock
42%
AUS 1999 80 Michael Bevan
33%
IND 1994 79 Navjot Singh Sidhu
25%
AUS 2016 80 George Bailey
17%
SA 2006 79 Boeta Dippenaar
8%
No matching quizzes found
Score Distribution
Percent of People with Each Score
Percentile by Number Answered
Your Score History
You have not taken this quiz